[Event "Bashkortostan-ch U18"]
[Site "Tuimazy"]
[Date "2020.02.29"]
[Round "9"]
[White "Gafarov, Anvar"]
[Black "Khabibullin, Ildan"]
[Result "1-0"]
[WhiteElo "1052"]
[BlackElo "1035"]
[PlyCount "117"]
[EventDate "2020.02.24"]
[EventType "tourn"]
[EventRounds "9"]
[EventCountry "RUS"]
[SourceTitle "CBM 195 Extra"]
[Source "ChessBase"]
[SourceDate "2020.05.31"]
[SourceVersion "1"]
[SourceVersionDate "2020.05.31"]
[SourceQuality "1"]

1. e4 e5 2. Nf3 Nc6 3. Bc4 Bc5 4. d3 h6 5. Be3 Bb6 6. Nc3 Nf6 7. Qd2 d6 8. h3 Be6 9. Bb3 Qe7 10. 0-0 Bxe3 11. fxe3 0-0 12. Nd5 Bxd5 13. Bxd5 Nxd5 14. exd5 Nb8 15. e4 Nd7 16. Qf2 Nf6 17. Nh4 Nh7 18. Nf5 Qd7 19. Qg3 f6 20. Nxh6+ Kh8 21. Nf5 Rae8 22. Nh4 Kg8 23. Nf5 a6 24. Qg6 Kh8 25. Rf3 Qf7 26. Qg4 Rd8 27. Nh4 Kg8 28. Rg3 Rd7 29. Nf5 Kh8 30. Rf1 b6 31. b3 a5 32. a4 Rb8 33. Nh4 Kg8 34. Ng6 Nf8 35. Qh5 Nxg6 36. Rxg6 Kf8 37. Qh8+ Qg8 38. Rfxf6+ Rf7 39. Rxf7+ Kxf7 40. Qh5 Kf8 41. Rg3 Ke7 42. Qg5+ Kf8 43. Rf3+ Ke8 44. Rf6 Rd8 45. Re6+ Kd7 46. Qf5 Re8 47. Rxe8+ Kxe8 48. Qc8+ Kf7 49. Qxc7+ Kg6 50. Qxd6+ Kh7 51. Qxe5 Qf7 52. Qf5+ Qxf5 53. exf5 Kg8 54. g4 Kf8 55. h4 Ke7 56. h5 Kd6 57. f6 gxf6 58. h6 Kxd5 59. h7 1-0

[Event "Bashkortostan-ch U18"]
[Site "Tuimazy"]
[Date "2020.02.29"]
[Round "8"]
[White "Zabrodin, Nikita"]
[Black "Gafarov, Anvar"]
[Result "1-0"]
[WhiteElo "1154"]
[BlackElo "1052"]
[PlyCount "121"]
[EventDate "2020.02.24"]
[EventType "tourn"]
[EventRounds "9"]
[EventCountry "RUS"]
[SourceTitle "CBM 195 Extra"]
[Source "ChessBase"]
[SourceDate "2020.05.31"]
[SourceVersion "1"]
[SourceVersionDate "2020.05.31"]
[SourceQuality "1"]

1. e4 e5 2. Nf3 Nc6 3. Bc4 Bc5 4. c3 Nf6 5. d3 0-0 6. Bg5 d6 7. Nbd2 Bg4 8. h3 Bh5 9. g4 Bg6 10. Nh4 Kh8 11. Qf3 h6 12. Bxf6 Qxf6 13. Qxf6 gxf6 14. Ke2 Na5 15. Bb3 Nxb3 16. Nxb3 Bb6 17. Rag1 Rad8 18. Nf3 d5 19. Nfd2 dxe4 20. Nxe4 f5 21. gxf5 Bxf5 22. Rg3 Bxe4 23. dxe4 Rg8 24. Rhg1 Rxg3 25. Rxg3 Rg8 26. Rf3 Rf8 27. Nd2 c6 28. Nc4 Bc7 29. Rf5 f6 30. Nd2 Bd8 31. Nf3 Rg8 32. Kf1 Rg6 33. Nh4 Rg5 34. Rf3 Kh7 35. Nf5 Rg8 36. Rd3 Bb6 37. Rd7+ Kh8 38. Rf7 Rd8 39. Ke2 Bxf2 40. Rxf6 Bb6 41. Rxh6+ Kg8 42. h4 Rd7 43. Rg6+ Kh8 44. h5 Bc5 45. Re6 Bb6 46. h6 Kh7 47. Rxe5 Bc7 48. Re6 Rf7 49. Kf3 Bd8 50. Kg4 Rf8 51. Rd6 Rg8+ 52. Kf3 Bg5 53. Rd7+ Kh8 54. h7 Rf8 55. Kg4 Bc1 56. Nh4 Rf6 57. e5 Re6 58. Kf5 Rh6 59. Ng6+ Rxg6 60. Kxg6 Bxb2 61. Rd8# 1-0

[Event "Tuimazy-ch U18"]
[Site "Tuimazy"]
[Date "2019.03.06"]
[Round "11"]
[White "Gafarov, Anvar"]
[Black "Zabrodin, Nikita"]
[Result "0-1"]
[WhiteElo "1153"]
[BlackElo "1058"]
[PlyCount "78"]
[EventDate "2019.03.01"]
[EventType "tourn"]
[EventRounds "11"]
[EventCountry "RUS"]
[SourceTitle "EXT 2022"]
[Source "ChessBase"]
[SourceDate "2021.10.06"]
[SourceVersion "1"]
[SourceVersionDate "2021.10.06"]
[SourceQuality "1"]

1. e4 e5 2. Nf3 Nc6 3. Bc4 Bc5 4. c3 Nf6 5. d3 d6 6. a4 a6 7. b4 Ba7 8. Bg5 Be6 9. Bb3 0-0 10. Nbd2 Nb8 11. 0-0 Nbd7 12. Qc2 Qe8 13. Rfe1 Ng4 14. Be3 Nxe3 15. fxe3 Nf6 16. d4 Bg4 17. Nh4 Rd8 18. Ndf3 Qe7 19. Nf5 Qe8 20. Qd3 Bh5 21. Ng3 Bg6 22. Bd1 c5 23. Nh4 cxb4 24. cxb4 Rc8 25. Nxg6 hxg6 26. Rf1 Qc6 27. h4 Qc3 28. Qxc3 Rxc3 29. Re1 exd4 30. Bf3 dxe3 31. Kh1 Rfc8 32. e5 dxe5 33. Bxb7 Rb8 34. Bxa6 Rxb4 35. Bb5 Ng4 36. h5 Nf2+ 37. Kh2 Rh4+ 38. Kg1 Ng4 39. hxg6 e2# 0-1

[Event "Tuimazy-ch U18"]
[Site "Tuimazy"]
[Date "2019.03.04"]
[Round "7"]
[White "Gafarov, Anvar"]
[Black "Musin, David"]
[Result "1/2-1/2"]
[WhiteElo "1153"]
[BlackElo "1216"]
[PlyCount "132"]
[EventDate "2019.03.01"]
[EventType "tourn"]
[EventRounds "11"]
[EventCountry "RUS"]
[SourceTitle "EXT 2022"]
[Source "ChessBase"]
[SourceDate "2021.10.06"]
[SourceVersion "1"]
[SourceVersionDate "2021.10.06"]
[SourceQuality "1"]

1. e4 e5 2. Nf3 Nc6 3. Bc4 Bc5 4. c3 Nf6 5. d3 d6 6. a4 a6 7. Bg5 h6 8. Be3 Ba7 9. Nbd2 Bg4 10. 0-0 Qd7 11. a5 0-0 12. Qb3 Rab8 13. Rfe1 b5 14. axb6 Bxb6 15. Qa2 a5 16. Nf1 Bxf3 17. gxf3 Nh5 18. Ng3 Nxg3 19. fxg3 Qe7 20. b3 Qf6 21. Qf2 Bxe3 22. Qxe3 Rb6 23. Re2 Rfb8 24. Rg2 Ra8 25. g4 Qf4 26. Qxf4 exf4 27. d4 Kf8 28. g5 h5 29. Raa2 Rb7 30. Bd5 Ra6 31. b4 Rab6 32. bxa5 Rb1+ 33. Kf2 R7b2+ 34. Rxb2 Rxb2+ 35. Kf1 Rb1+ 36. Ke2 Nxa5 37. Kd3 Rd1+ 38. Rd2 Ra1 39. Ra2 Rxa2 40. Bxa2 Ke7 41. e5 dxe5 42. dxe5 f6 43. gxf6+ gxf6 44. Ke4 fxe5 45. Kxe5 Nb7 46. Kxf4 Kf6 47. Bb1 Nd6 48. Bd3 c5 49. c4 Nf7 50. h4 Ne5 51. Be2 Nc6 52. Ke4 Nd4 53. Bd1 Ke6 54. f4 Nf5 55. Kf3 Nxh4+ 56. Kf2 Kf5 57. Kg3 Ng6 58. Bxh5 Nxf4 59. Bf7 Ke5 60. Kf3 Nd3 61. Ke3 Nb2 62. Bg8 Nd1+ 63. Kd3 Nb2+ 64. Ke3 Kd6 65. Kd2 Kc6 66. Kc3 Na4+ 1/2-1/2

[Event "Tuimazy-ch U18"]
[Site "Tuimazy"]
[Date "2019.03.03"]
[Round "5"]
[White "Gafarov, Anvar"]
[Black "Bigalin, Ilnar"]
[Result "0-1"]
[WhiteElo "1153"]
[BlackElo "1827"]
[PlyCount "66"]
[EventDate "2019.03.01"]
[EventType "tourn"]
[EventRounds "11"]
[EventCountry "RUS"]
[SourceTitle "EXT 2022"]
[Source "ChessBase"]
[SourceDate "2021.10.06"]
[SourceVersion "1"]
[SourceVersionDate "2021.10.06"]
[SourceQuality "1"]

1. e4 c6 2. d4 d5 3. e5 Bf5 4. Nf3 e6 5. Be2 h6 6. Be3 Nd7 7. Nc3 Ne7 8. 0-0 a6 9. Re1 c5 10. a3 Nc6 11. Na4 cxd4 12. Nxd4 Bh7 13. Nxc6 bxc6 14. Bf4 Be7 15. Bd3 Bxd3 16. cxd3 Nb6 17. Rc1 Rc8 18. Be3 d4 19. Bd2 Nxa4 20. Qxa4 Qb6 21. Rc2 0-0 22. Rec1 c5 23. b4 Qb8 24. f4 cxb4 25. Bxb4 Bxb4 26. axb4 Rxc2 27. Rxc2 Rc8 28. Rb2 Rc1+ 29. Kf2 Qb5 30. Qb3 Rc3 31. Qa2 Qxd3 32. Qb1 Qe3+ 33. Kf1 Rc1+ 0-1